| 000 | 01110nac a22003131i 4500 | ||
|---|---|---|---|
| 003 | EG-ScBUE | ||
| 005 | 20250121103859.0 | ||
| 008 | 250121t2005 njua f 001 0 eng d | ||
| 020 | _a0131911821 | ||
| 020 | _a9780131911826 | ||
| 040 |
_aEG-ScBUE _beng _erda _cEG-ScBUE _dEG-ScBUE |
||
| 082 | 0 | 4 |
_a530 _bFIS _222 |
| 100 | 1 |
_aFishbane, Paul M., _eauthor. |
|
| 245 | 1 | 0 |
_aPhysics for scientists and engineers with modern physics / _cPaul M. Fishbane, University of Virginia, Stephen G. Gasiorowicz, University of Minnesota, Stephen T. Thornton, University of Virginia. |
| 250 | _aThird edition. | ||
| 250 | _aInternational edition. | ||
| 264 | 1 |
_aNew Jersey : _bPearson, _c[2005] |
|
| 264 | 4 | _cc2005 | |
| 300 |
_a1 volume (various pagings) : _bcolor illustrations ; _c28 cm |
||
| 336 |
_2rdacontent _atext _btxt |
||
| 337 |
_aunmediated _2rdamedia _bn |
||
| 338 |
_avolume _bnc _2rdacarrier |
||
| 500 | _aIncludes index. | ||
| 650 | 7 |
_aPhysics. _2BUEsh |
|
| 655 | _vReading book | ||
| 700 | 1 |
_aGasiorowicz, Stephen G., _eauthor. |
|
| 700 | 1 |
_aThornton, Stephen T., _eauthor. |
|
| 942 |
_cBB _2ddc |
||
| 999 |
_c195 _d195 |
||